Základy práva životného prostredia. 2

Starostlivosť o poľnohospodársky pôdny fond a ochrana kvality poľnohospodárskeho pôdneho fondu podľa par. 4-6 zákona SNR č.307/1992 Zb. Tvorba i zveľaďovanie prirodzených vlastností poľnohospodárskej pôdy a racionálne využívanie poľnohospodárskeho pôdneho fondu ako nenahraditeľného prírodného zdroja...

ver descrição completa

Na minha lista:
Detalhes bibliográficos
Autor principal: Košičiarová, Soňa
Formato: Capítulo de Livro
Idioma:eslovaco
Assuntos:
Tags: Adicionar Tag
Sem tags, seja o primeiro a adicionar uma tag!

MARC

LEADER 00000naa a2200000 4500
001 r016313
005 20221213114912.7
041 0 |a slo 
044 |a SK 
245 1 0 |a Základy práva životného prostredia. 2  |c Soňa Košičiarová 
520 |a Starostlivosť o poľnohospodársky pôdny fond a ochrana kvality poľnohospodárskeho pôdneho fondu podľa par. 4-6 zákona SNR č.307/1992 Zb. Tvorba i zveľaďovanie prirodzených vlastností poľnohospodárskej pôdy a racionálne využívanie poľnohospodárskeho pôdneho fondu ako nenahraditeľného prírodného zdroja. Problematika zachovania kvantity poľnohospodárskeho pôdneho fondu ako zložky životného prostredia. 
610 2 0 |a ochrana prostredia životného 
610 2 0 |a poľnohospodárstvo 
610 2 0 |a pôda 
610 2 0 |a fond pôdny 
610 2 0 |a predpisy právne 
100 1 |a Košičiarová, Soňa